000 01033nam a2200277 a 4500
999 _c31243
_d31243
001 ES-MaREB01154918-5
003 OSt
005 20201128091829.0
008 110308s1994 espa e 001 0 spa d
020 _a968-6356-49-5
040 _cBMC
082 _a611.8
100 1 _919805
_aBarr, Murray L.
_d1908-1995
245 1 3 _aEl sistema nervioso humano
_b: un punto de vista anatómico
_cMurray L. Barr ; John A. Kiernan ; [traducciَon, Eliane Cazenave Tapie Isoard, Salvador de Lara Galindo]
250 _a5ª ed
260 _aMéxico, D.F. (etc.)
_bHarla
_c1994
300 _a390 p.
_bil. bl. y n.
_c23 cm
_e+ 1 disco compacto.
500 _aÍndice alfabético: p. 453-470
504 _aBibliografia al final de cada capítulo
594 _1Traducción de: Barr's the human nervous system, 9th ed.
650 2 4 _aNeuroanatomía
_919606
700 1 _aKiernan, John Alan
_919607
700 1 _aCazenave-Tapie Isoard, Elianne
_98053
700 1 _a Lara Galindo, Salvador de‏
_944355
942 _2ddc
_cBK
_hprozim